000 00484nam a2200169 i 4500
001 105466
003 ES-MaACL
007 t|
008 060718s1974 sp ||||1| cat d
080 _a329(467.1)
245 0 4 _aEls partits politics en la Catalunya d'avui.
260 _a[S.l.] :
_bEdicions Catalunya,
_c1974.
300 _a281 p. ;
_c22 cm.
500 _aBiblioteca Juan Andrade.
650 1 4 _aPartidos polĂ­ticos-
_zCataluña.
_915861
852 _aES-MaACL
_jAND-273
_bR.109590
999 _c105466
_d105466